000 01520cad a22002535a 4500
001 L158913
008 130206s2015 xxk f 000 0 eng d
020 _a9781783211043
035 _a(Sirsi) u158913
041 0 _aeng
110 2 _aRoyal Institution of Chartered Surveyors
_94900
245 4 _aThe informed infrastructure client
_h[electronic resource]
260 _aLondon
_bRICS
_c2015
300 _a26p.
490 0 _aRICS Guidance Note
520 _aEffective from 1st December 2015. Summarises how a client becomes 'informed' when preparing to deliver a project. For the purposes of this guidance note, the client is 'the body responsible for delivering the project including suppliers accountable within the governance structure'. Intended for RICS members practising in the infrastructure sector, either providing services to an infrastructure client or working within an infrastructure client organisation. The scope of infrastructure follows the description in the Infrastructure UK (IUK) Routemap of transport, flood protection, energy, communications, and water and waste management.
590 _aKA
650 2 4 _aProcurement
_96260
651 4 _aInternational
690 _aInfrastructure
_96246
690 _aPlanning and development
_96259
856 4 0 _uhttps://www.rics.org/profession-standards/rics-standards-and-guidance/sector-standards/construction-standards/the-informed-infrastructure-client
_zView the guidance free of charge (member-only content) at www.rics.org
942 _n0
_2ddc
999 _c115583
_d115583